Detalles MARC
| 000 -LÍDER |
| Campo fijo de descripción fija |
01949aam a2200325 i 4500 |
| 001 - NÚMERO DE CONTROL |
| Campo de control |
768714001 |
| 003 - IDENTIFICADOR DEL NÚMERO DE CONTROL |
| Campo de control |
CO-MdFUSB |
| 005 - FECHA Y HORA DE LA ULTIMA TRANSACCIÓN |
| control field |
20240209143130.0 |
| 007 - CAMPO FIJO DE DESCRIPCIÓN FIJA--INFORMACIÓN GENERAL |
| Campo fijo de descripción fija |
ta |
| 008 - ELEMENTOS DE LONGITUD FIJA -- INFORMACIÓN GENERAL |
| Campo fijo de descripción fija -- Información general |
231031t20092009spa||||g |||| 00| 0 spa d |
| 020 ## - NÚMERO INTERNACIONAL NORMALIZADO PARA LIBROS |
| Número Internacional Normalizado del libro |
9788492438129 |
| 040 ## - FUENTE DE CATALOGACIÓN |
| Agencia de catalogación original |
CO-MdFUSB |
| Idioma de catalogación |
spa |
| Agencia que realiza la transcripción |
CO-MdFUSB |
| Agencia que realiza la modificación |
CO-MdFUSBC |
| Convenciones de la descripción |
rda |
| 041 ## - CÓDIGO DE IDIOMA |
| Código de idioma para texto/pista de sonido o título separado |
spa |
| 082 ## - NÚMERO DE CLASIFICACIÓN DECIMAL DEWEY |
| Número de la edición del Dewey |
23 |
| Número de clasificación |
946.043 |
| Clave de autor-Numero de item |
M385 |
| 100 ## - ASIENTO PRINCIPAL--NOMBRE PERSONAL |
| Nombre personal |
Martínez Llamas, Antonio, |
| Término relacionador |
autor |
| 245 ## - TÍTULO |
| Título del Material |
Felipe II, el hombre |
| Mención de responsabilidad, etc. |
/ Antonio Martínez Llamas |
| 264 #1 - PRODUCCIÓN, PUBLICACIÓN, DISTRIBUCIÓN, MANUFACTURA, Y COPYRIGHT |
| Lugar de producción, publicación, distribución, manufactura |
Madrid, España : |
| Nombre del productor, publicador, distribuidor |
Lobo Sapiens, |
| Fecha de producción, publicación, distribución, manufactura, o copyright |
[2009] |
| 264 #4 - PRODUCCIÓN, PUBLICACIÓN, DISTRIBUCIÓN, MANUFACTURA, Y COPYRIGHT |
| Fecha de producción, publicación, distribución, manufactura, o copyright |
©2009 |
| 300 ## - DESCRIPCIÓN FÍSICA |
| Extensión |
334 páginas |
| Dimensiones |
; 24 cm |
| 336 ## - TIPO DE CONTENIDO |
| Fuente |
rdacontent |
| Término de tipo de contenido |
texto |
| Código de tipo de contenido |
txt |
| 337 ## - TIPO DE MEDIO |
| Fuente |
rdamedia |
| Nombre del tipo de medio |
sin mediación |
| Código del tipo de medio |
n |
| 338 ## - TIPO DE SOPORTE |
| Fuente |
rdacarrier |
| Nombre del tipo de soporte |
volumen |
| Código Tipo de soporte |
nc |
| 504 ## - NOTA DE BIBLIOGRAFÍA, ETC. |
| Nota de bibliografía, etc |
incluye índice y bibliografía |
| 505 ## - NOTA DE CONTENIDO |
| Título |
Un niño que será el rey del mundo: |
| Nota de contenido con formato preestablecido |
El nacimiento -- La importancia de las nodrizas -- El destete y el final de la lactancia -- El comienzo de las enfermedades -- La muerte de Isabel de Portugal -- La adolescencia de Felipe. |
| 505 ## - NOTA DE CONTENIDO |
| Título |
Felipe II: La ventaja de una mala salud de hierro: |
| Nota de contenido con formato preestablecido |
Una longevidad afortunada -- Los médicos de cámara y la interpretación de la medicina -- La gota de Felipe II -- Al final, la muerte. |
| Título |
Hijo, padre, esposo y amante: |
| Nota de contenido con formato preestablecido |
La familia como impronta -- El desdichado príncipe de Carlos -- Felipe II: sus esposas -- Felipe II: sus amantes. |
| Título |
El carácter del Rey: |
| Nota de contenido con formato preestablecido |
Una evolución necesaria -- La actividad laboral de un Rey burócrata -- Carácter y melancolía -- La importancia de la religión. |
| Título |
La cara desconocida de Felipe II: |
| Nota de contenido con formato preestablecido |
La controvertida leyenda negra -- Un rey coleccionista y entregado a la astrología -- El fetichismo de las reliquias -- El escorial y otros palacios. |
| Título |
La edad del rey y la armada invencible |
| Nota de contenido con formato preestablecido |
La decisión -- ¿Inglaterra como excusa? -- La decisión equivocada en el hombre de 61 años -- Una derrota sin paliativos. |
| 563 ## - NOTA DE ENCUADERNACIÓN |
| Nota de encuadernación |
Rústico. |
| 650 #7 - ASIENTO SECUNDARIO DE MATERIA - TERMINO TEMÁTICO |
| 9 (RLIN) |
409 |
| Término temático o nombre geográfico como elemento de entrada |
Biografía |
| 942 ## - TIPO DE MATERIAL (KOHA) |
| Tipo de Item KOHA |
Libros General |
| 945 ## - INFORMACIÓN LOCAL DEL REGISTRO |
| Catalogador |
sor1564 |